000 00318nam a22001217a 4500
008 160429b xxu||||| |||| 00| 0 eng d
020 _a9780721662312
020 _a0721662315
041 _aeng
080 _a618.2
245 _aAssessmen and medications for Psychiatric nursing:
_cDeborah antai otong;
942 _2udc
_cBK
999 _c1696
_d1696